[Event "FIDE Grand Prix 2017"]
[Site "Ginevra"]
[Date "08.07.2017"]
[Round "3"]
[White "Rapport, Richard"]
[Black "Jakovenko, Dmitry"]
[Result "0-1"]
[WhiteTitle "GM"]
[BlackTitle "GM"]
[WhiteElo "2694"]
[BlackElo "2703"]
[WhiteFideId "738590"]
[BlackFideId "4122356"]
[EventDate "2017.07.06"]
[EventType "swiss"]

1. d4 Nf6 2. c4 e6 3. Nc3 Bb4 4. g3 O-O 5. Bg2 d5 6. cxd5 exd5 7. a3 Bxc3+ 8.
bxc3 Ne4 9. c4 c6 10. cxd5 cxd5 11. e3 Bd7 12. Ne2 Bb5 13. O-O Re8 14. Re1 Nc6
15. f3 Nf6 16. g4 Bxe2 17. Rxe2 Rc8 18. Qd3 h6 19. Bd2 a6 20. Kh1 Na5 21. Rg1
Nc4 22. Bc1 Rc6 23. h3 b5 24. e4 dxe4 25. fxe4 Rd6 26. Rd1 Rd7 27. g5 Nh5 28.
Qf3 g6 29. gxh6 Rxd4 30. Rf1 Ne5 31. Qf2 Rd1 32. Bb2 Rxf1+ 33. Bxf1 Qg5 34. h7+
Kxh7 35. Bxe5 Qxe5 36. Qxf7+ Kh6 37. Rg2 Qe6 38. Qxe6 Rxe6 39. a4 bxa4 40. Kh2
Rxe4 41. Ra2 a5 42. Bb5 Nf4 43. Ra3 Kg5 44. Bxa4 Kh4 45. Bb5 g5 46. Rxa5 Re5 47.
Kh1 Rd5 48. Kh2 Rd2+ 49. Kh1 Kxh3 50. Bf1+ Kh4 51. Ra4 Kg3 52. Ra3+ Kf2 53. Bc4
Rd4 54. Ra2+ Kg3 55. Ra3+ Kh4 56. Bf1 g4 57. Kg1 g3 58. Ra1 Kg4 59. Re1 Rd2 60.
Ra1 Rb2 61. Kh1 Nd5 62. Bg2 Nf4 63. Bf1 Kf3 64. Kg1 Nd5 65. Bh3 Ne3 66. Re1 Rc2
67. Ra1 Re2 68. Bf1 Rb2 69. Bh3 Rc2 70. Re1 g2 71. Be6 Rc3 72. Bh3 Kg3 73. Be6
Kf3 74. Bh3 Rc2 75. Be6 Rc6 76. Bh3 Rc3 77. Bd7 Nd5 78. Bh3 Nf4 79. Bxg2+ Nxg2
80. Rf1+ Kg3 81. Rf8 Rc1+ 82. Rf1 Rc6 83. Ra1 Ne3 84. Rb1 Rc2 85. Re1 Ng2 86.
Rd1 Nh4 0-1

[Event "FIDE Grand Prix 2017"]
[Site "Ginevra"]
[Date "08.07.2017"]
[Round "3"]
[White "Riazantsev, Alexander"]
[Black "Salem, A.R. Saleh"]
[Result "1/2-1/2"]
[WhiteTitle "GM"]
[BlackTitle "GM"]
[WhiteElo "2654"]
[BlackElo "2638"]
[WhiteFideId "4125029"]
[BlackFideId "9301348"]
[EventDate "2017.07.06"]
[EventType "swiss"]

1. d4 Nf6 2. c4 g6 3. Nc3 d5 4. cxd5 Nxd5 5. Bd2 Nb6 6. e3 Bg7 7. f4 O-O 8. Nf3
N8d7 9. Ne4 Nf6 10. Bd3 Nxe4 11. Bxe4 Nc4 12. Rc1 Nd6 13. Bd3 c6 14. Qc2 Be6 15.
Ng5 Bd7 16. O-O Rc8 17. Kh1 a5 18. a3 c5 19. dxc5 b6 20. b4 bxc5 21. bxc5 Nb7
22. Ne4 Bc6 23. Rfd1 Qd5 24. Be1 Qe6 25. f5 Qd7 26. fxg6 hxg6 27. Qe2 Bh6 28.
Nf2 Qe6 29. Ng4 Bg7 30. Bc3 Nxc5 31. Bxg7 Nxd3 32. Rxc6 Rxc6 33. Bxf8 Qxg4 34.
Qxg4 Nf2+ 35. Kg1 Nxg4 36. Bxe7 Nxe3 37. Re1 Nd5 1/2-1/2

[Event "FIDE Grand Prix 2017"]
[Site "Ginevra"]
[Date "09.07.2017"]
[Round "4"]
[White "Radjabov, Teimour"]
[Black "Harikrishna, Pentala"]
[Result "1/2-1/2"]
[WhiteTitle "GM"]
[BlackTitle "GM"]
[WhiteElo "2724"]
[BlackElo "2737"]
[WhiteFideId "13400924"]
[BlackFideId "5007003"]
[EventDate "2017.07.06"]
[EventType "swiss"]

1. d4 Nf6 2. c4 e6 3. Nf3 d5 4. Nc3 Be7 5. Bf4 O-O 6. e3 Nbd7 7. a3 c5 8. cxd5
Nxd5 9. Nxd5 exd5 10. dxc5 Nxc5 11. Be5 Bf6 12. Bxf6 Qxf6 13. Qd4 Qxd4 14. Nxd4
Bd7 15. f3 Rfc8 16. Kd2 Ne6 17. Bd3 Nxd4 18. exd4 Kf8 19. Rhe1 h6 20. Rac1 Rxc1
21. Rxc1 Rc8 1/2-1/2

[Event "FIDE Grand Prix 2017"]
[Site "Ginevra"]
[Date "09.07.2017"]
[Round "4"]
[White "Grischuk, Alexander"]
[Black "Aronian, Levon"]
[Result "1/2-1/2"]
[WhiteTitle "GM"]
[BlackTitle "GM"]
[WhiteElo "2761"]
[BlackElo "2809"]
[WhiteFideId "4126025"]
[BlackFideId "13300474"]
[EventDate "2017.07.06"]
[EventType "swiss"]

1. e4 e5 2. Nf3 Nc6 3. Bb5 a6 4. Ba4 Nf6 5. O-O Be7 6. d3 b5 7. Bb3 d6 8. a4 Bd7
9. c3 Na5 10. Bc2 c5 11. d4 Qb8 12. Bg5 h6 13. Bh4 Be6 14. Nbd2 O-O 15. Re1 cxd4
16. cxd4 Rc8 17. h3 Nc6 18. axb5 axb5 19. Rxa8 Qxa8 20. Bxf6 Bxf6 21. d5 Nb4 22.
dxe6 Nxc2 23. exf7+ Kxf7 24. Rf1 Qa2 25. Nb1 Nd4 26. Nxd4 exd4 27. Qh5+ Kg8 28.
Qxb5 Rc2 29. Na3 Rxb2 30. Qc4+ Kh7 1/2-1/2

[Event "FIDE Grand Prix 2017"]
[Site "Ginevra"]
[Date "09.07.2017"]
[Round "4"]
[White "Svidler, Peter"]
[Black "Adams, Michael"]
[Result "1-0"]
[WhiteTitle "GM"]
[BlackTitle "GM"]
[WhiteElo "2749"]
[BlackElo "2736"]
[WhiteFideId "4102142"]
[BlackFideId "400041"]
[EventDate "2017.07.06"]
[EventType "swiss"]

1. c4 e6 2. Nc3 d5 3. d4 Nf6 4. Nf3 Be7 5. Bf4 O-O 6. e3 Nbd7 7. Qc2 c5 8. cxd5
Nxd5 9. Nxd5 exd5 10. Bd3 Qa5+ 11. Qc3 Qb6 12. a3 cxd4 13. Qxd4 Nc5 14. Bc2 Qb5
15. Be5 f6 16. Bg3 Qc4 17. Rc1 Qxd4 18. Nxd4 a5 19. Nb5 Rd8 20. Nc7 Ra7 21. Rd1
Kf7 22. Nxd5 b5 23. O-O Bf8 24. Bxh7 g5 25. h4 Be6 26. e4 gxh4 27. Bxh4 Bxd5 28.
Rxd5 Rxd5 29. exd5 Na4 30. Rc1 Rd7 31. Rc6 Rxd5 32. Rxf6+ Kg7 33. Bc2 Nxb2 34.
Rg6+ Kf7 35. Rf6+ Kg7 36. Rb6 Bc5 37. Rb7+ Kf8 38. Bg6 Bd4 39. Be7+ Kg8 40. Bf6 1-0

[Event "FIDE Grand Prix 2017"]
[Site "Ginevra"]
[Date "09.07.2017"]
[Round "4"]
[White "Gelfand, Boris"]
[Black "Giri, Anish"]
[Result "1/2-1/2"]
[WhiteTitle "GM"]
[BlackTitle "GM"]
[WhiteElo "2728"]
[BlackElo "2775"]
[WhiteFideId "2805677"]
[BlackFideId "24116068"]
[EventDate "2017.07.06"]
[EventType "swiss"]

1. c4 g6 2. d4 Nf6 3. g3 c6 4. Bg2 d5 5. Nf3 Bg7 6. b3 O-O 7. Bb2 dxc4 8. bxc4
c5 9. Qc1 cxd4 10. Nxd4 Nc6 11. Nxc6 bxc6 12. Nd2 Bg4 13. h3 Be6 14. O-O Qc8 15.
h4 Bh3 16. Qc2 Rd8 17. Nf3 Bxg2 18. Kxg2 Nh5 19. Bxg7 Nxg7 20. Rfd1 Qg4 21. Rab1
Ne6 22. e3 Nc5 23. Rd4 Rxd4 24. Nxd4 1/2-1/2

[Event "FIDE Grand Prix 2017"]
[Site "Ginevra"]
[Date "09.07.2017"]
[Round "4"]
[White "Li, Chao b"]
[Black "Jakovenko, Dmitry"]
[Result "1/2-1/2"]
[WhiteTitle "GM"]
[BlackTitle "GM"]
[WhiteElo "2735"]
[BlackElo "2703"]
[WhiteFideId "8604436"]
[BlackFideId "4122356"]
[EventDate "2017.07.06"]
[EventType "swiss"]

1. d4 Nf6 2. c4 e6 3. Nc3 Bb4 4. f3 d5 5. a3 Bxc3+ 6. bxc3 c5 7. cxd5 Nxd5 8.
dxc5 Qa5 9. e4 Ne7 10. Be3 O-O 11. Qb3 Qc7 12. Bb5 Nec6 13. Ne2 e5 14. O-O Na5
15. Qb4 Na6 16. Bxa6 bxa6 17. Rad1 Be6 18. Rd5 Rfb8 19. Qa4 Bxd5 20. exd5 Rb5
21. Rd1 Rxc5 22. Bxc5 Qxc5+ 23. Kh1 Qb5 24. Qe4 f5 25. Qc2 Nc4 26. a4 Qb6 27.
Rb1 Qf2 28. Qd3 Ne3 29. Rg1 e4 30. fxe4 fxe4 31. Qxa6 Nxd5 32. Ng3 Qb6 33. Qc4
Qe6 34. Rd1 Nf4 35. Qxe4 Qxe4 36. Nxe4 Re8 37. Nd6 Re2 38. Rb1 h5 39. g3 Nh3 40.
c4 Rc2 41. Rb8+ Kh7 42. Rb7 Ng5 1/2-1/2

[Event "FIDE Grand Prix 2017"]
[Site "Ginevra"]
[Date "09.07.2017"]
[Round "4"]
[White "Nepomniachtchi, Ian"]
[Black "Hou, Yifan"]
[Result "1-0"]
[WhiteTitle "GM"]
[BlackTitle "GM"]
[WhiteElo "2742"]
[BlackElo "2666"]
[WhiteFideId "4168119"]
[BlackFideId "8602980"]
[EventDate "2017.07.06"]
[EventType "swiss"]

1. e4 e5 2. Nf3 Nc6 3. Bb5 Nf6 4. d3 Bc5 5. Bxc6 dxc6 6. Nbd2 O-O 7. Qe2 Re8 8.
Nc4 Nd7 9. Bd2 Nb6 10. Na5 Qe7 11. a3 Bd6 12. h4 Na4 13. h5 Qf8 14. Nc4 b5 15.
Nxd6 cxd6 16. b3 Nc5 17. Nh4 Ne6 18. Nf5 c5 19. O-O Nf4 20. Qf3 g6 21. g3 Bxf5
22. gxf4 Bd7 23. Kh2 f6 24. Rg1 Kf7 25. Rg3 Qe7 26. Rag1 Rg8 27. R1g2 Rh8 28.
Kg1 Rag8 29. b4 c4 30. Be3 Bc6 31. Rh2 a6 32. Kf1 Qe8 33. Rh4 Qe7 34. fxe5 dxe5
35. d4 exd4 36. Bg5 Rf8 37. Rf4 Ke6 38. Qg4+ Kd6 39. e5+ Kc7 40. Bxf6 Rxf6 41.
exf6 Qf7 42. Rxd4 Qxf6 43. Qf4+ Qxf4 44. Rxf4 gxh5 45. Rg7+ Kb6 46. Rf6 h4 47.
Rh6 Rd8 48. Rf7 h3 49. Rff6 1-0

[Event "FIDE Grand Prix 2017"]
[Site "Ginevra"]
[Date "09.07.2017"]
[Round "4"]
[White "Riazantsev, Alexander"]
[Black "Inarkiev, Ernesto"]
[Result "1/2-1/2"]
[WhiteTitle "GM"]
[BlackTitle "GM"]
[WhiteElo "2654"]
[BlackElo "2707"]
[WhiteFideId "4125029"]
[BlackFideId "4162722"]
[EventDate "2017.07.06"]
[EventType "swiss"]

1. d4 Nf6 2. c4 e6 3. Nc3 Bb4 4. Qc2 O-O 5. a3 Bxc3+ 6. Qxc3 d5 7. Bg5 c5 8.
dxc5 d4 9. Qf3 Nbd7 10. e3 h6 11. Bxf6 Nxf6 12. O-O-O e5 13. Ne2 Bg4 14. Qg3 d3
15. f3 Be6 16. Nc3 Qc7 17. Bxd3 Qxc5 18. Kb1 Rfe8 19. Qf2 Bxc4 20. Bxc4 Qxc4 21.
e4 Rec8 22. Rd6 b5 23. Rc1 a5 24. Qf1 Qxf1 25. Rxf1 b4 26. axb4 axb4 27. Na2 b3
28. Nc1 Rab8 29. Rfd1 Nh5 30. g3 Kh7 31. R6d3 Rb4 32. Nxb3 Rcb8 33. Kc2 g5 34.
Rb1 g4 35. Nc5 Nf6 36. Rc3 R8b5 37. Nd3 Rd4 38. Nf2 Kg7 39. Re1 gxf3 40. Rxf3
Rbb4 41. Rfe3 Rbc4+ 42. Rc3 Nxe4 43. Nxe4 Rxe4 44. Rxc4 Rxc4+ 45. Kd3 Rd4+ 46.
Kc3 Kf6 47. b4 Ke6 48. b5 Kd5 49. Rf1 Rc4+ 50. Kb3 Kc5 51. Rxf7 Rb4+ 52. Kc3
Rxb5 53. Rf6 Rb6 54. Rxb6 Kxb6 55. Kd3 Kc5 56. Ke4 Kd6 57. g4 Ke6 58. h4 Kf6 59.
Kd5 h5 60. g5+ Kf5 61. Kc4 Ke6 62. Kd3 Kd6 63. Kc4 Ke6 64. Kc5 e4 65. Kd4 Kf5
66. Ke3 Ke5 67. Kd2 Ke6 68. Ke2 Kd5 69. Kf2 Ke6 70. Ke3 Ke5 71. Kd2 Ke6 72. Kc2
Ke5 73. Kc3 Kd5 74. Kb3 Ke6 75. Kc4 Ke5 76. Kc3 Kd5 1/2-1/2

[Event "FIDE Grand Prix 2017"]
[Site "Ginevra"]
[Date "09.07.2017"]
[Round "4"]
[White "Salem, A.R. Saleh"]
[Black "Rapport, Richard"]
[Result "1-0"]
[WhiteTitle "GM"]
[BlackTitle "GM"]
[WhiteElo "2638"]
[BlackElo "2694"]
[WhiteFideId "9301348"]
[BlackFideId "738590"]
[EventDate "2017.07.06"]
[EventType "swiss"]

1. e4 c5 2. Nf3 a6 3. c4 Nc6 4. d4 cxd4 5. Nxd4 e5 6. Nf5 d6 7. Nc3 g6 8. Ne3
Bh6 9. g3 Nf6 10. Bg2 O-O 11. O-O b5 12. f4 exf4 13. gxf4 Bb7 14. e5 dxe5 15.
fxe5 Nd7 16. Ng4 Bxc1 17. Rxc1 Ncxe5 18. Nxe5 Bxg2 19. Nxd7 Bxf1 20. Kxf1 Qh4
21. Nxf8 Qxh2 22. Nd7 Qh3+ 23. Kf2 Qh2+ 24. Ke3 Re8+ 25. Kd3 Rd8 26. Nd5 Rxd7
27. Kc3 Rd6 28. b3 a5 29. Rc2 Qg3+ 30. Qd3 Qe1+ 31. Kb2 bxc4 32. bxc4 Re6 33.
Qc3 Qf1 34. Qxa5 Re1 35. Ka3 h5 36. Qc3 Re6 37. Rb2 Ra6+ 38. Kb4 h4 39. Kc5 Qg1+
40. Qe3 Ra5+ 1-0

[Event "FIDE Grand Prix 2017"]
[Site "Ginevra"]
[Date "10.07.2017"]
[Round "5"]
[White "Aronian, Levon"]
[Black "Svidler, Peter"]
[Result "1/2-1/2"]
[WhiteTitle "GM"]
[BlackTitle "GM"]
[WhiteElo "2809"]
[BlackElo "2749"]
[WhiteFideId "13300474"]
[BlackFideId "4102142"]
[EventDate "2017.07.06"]
[EventType "swiss"]

1. d4 Nf6 2. c4 g6 3. f3 d5 4. cxd5 Nxd5 5. e4 Nb6 6. Nc3 Bg7 7. Be3 O-O 8. Qd2
Nc6 9. O-O-O Qd6 10. Kb1 Rd8 11. Nb5 Qd7 12. d5 a6 13. Nc3 Qe8 14. Qc1 Na5 15.
h4 e6 16. Bf4 Rd7 17. Bh6 Bxh6 18. Qxh6 exd5 19. h5 Qf8 20. Qxf8+ Kxf8 21. hxg6
hxg6 22. exd5 c6 23. d6 Nd5 24. Nxd5 cxd5 25. Rxd5 b5 26. Nh3 Nb7 27. Bd3 Rxd6
28. Nf4 Rxd5 29. Nxd5 Nc5 30. Bc2 Bb7 31. Rh8+ Kg7 32. Rxa8 Bxa8 33. Nc7 Bb7 34.
b4 Nd7 35. a4 1/2-1/2

[Event "FIDE Grand Prix 2017"]
[Site "Ginevra"]
[Date "10.07.2017"]
[Round "5"]
[White "Eljanov, Pavel"]
[Black "Grischuk, Alexander"]
[Result "0-1"]
[WhiteTitle "GM"]
[BlackTitle "GM"]
[WhiteElo "2739"]
[BlackElo "2761"]
[WhiteFideId "14102951"]
[BlackFideId "4126025"]
[EventDate "2017.07.06"]
[EventType "swiss"]

1. c4 Nf6 2. Nc3 e5 3. Nf3 Nc6 4. g3 d5 5. cxd5 Nxd5 6. Bg2 Bc5 7. O-O O-O 8. d3
Bb6 9. Na4 Re8 10. Bg5 Qd6 11. Nd2 Qg6 12. Ne4 Bg4 13. h3 Be6 14. Bd2 Rad8 15.
Kh2 Kh8 16. a3 f5 17. Nec5 Bc8 18. b4 e4 19. e3 Bxc5 20. Nxc5 b6 21. Nb3 Ba6 22.
Nc1 Ne5 23. Qa4 Bxd3 24. Nxd3 Nxd3 25. b5 h5 26. Qc2 Qd6 27. h4 Qe5 28. Kg1 Re6
29. a4 Kh7 30. Ra3 Rdd6 31. a5 c5 32. bxc6 Rxc6 33. Qd1 Nf6 34. axb6 axb6 35.
Qb1 Red6 36. Rb3 Ng4 37. Bb4 Rd5 38. Be1 Rc1 0-1

[Event "FIDE Grand Prix 2017"]
[Site "Ginevra"]
[Date "10.07.2017"]
[Round "5"]
[White "Harikrishna, Pentala"]
[Black "Nepomniachtchi, Ian"]
[Result "1/2-1/2"]
[WhiteTitle "GM"]
[BlackTitle "GM"]
[WhiteElo "2737"]
[BlackElo "2742"]
[WhiteFideId "5007003"]
[BlackFideId "4168119"]
[EventDate "2017.07.06"]
[EventType "swiss"]

1. e4 c5 2. Nf3 d6 3. d4 cxd4 4. Nxd4 Nf6 5. Nc3 a6 6. h3 e6 7. g4 Be7 8. g5
Nfd7 9. h4 b5 10. a3 Bb7 11. Be3 Nc6 12. Qd2 O-O 13. O-O-O Nc5 14. f3 Rb8 15.
Kb1 Nxd4 16. Bxd4 Bc6 17. Bh3 a5 18. b4 axb4 19. axb4 Nd7 20. g6 e5 21. gxf7+
Rxf7 22. Be3 Kh8 23. Rhg1 Nb6 24. Be6 Nc4 25. Qe2 Rf6 26. Bxc4 bxc4 27. Qxc4 Qa5
28. Kc1 Qa3+ 29. Kd2 d5 30. exd5 Bxb4 31. dxc6 Bxc3+ 32. Ke2 Bd4 33. Rd3 Qa8 34.
Rxd4 exd4 35. Bxd4 Re8+ 36. Kf2 Qxc6 37. Qxc6 Rxc6 38. Rxg7 Rxc2+ 39. Kg3 Rc4
40. Rg4+ Rxd4 41. Rxd4 Kg7 42. Kg4 Re1 43. Rd7+ Kh6 44. Rd6+ Kg7 45. f4 Rg1+ 46.
Kf5 h5 47. Rd7+ Kg8 48. Ke6 Rg6+ 49. Ke5 Rg4 50. f5 Rxh4 51. Rd8+ Kf7 1/2-1/2

[Event "FIDE Grand Prix 2017"]
[Site "Ginevra"]
[Date "10.07.2017"]
[Round "5"]
[White "Adams, Michael"]
[Black "Li, Chao b"]
[Result "1/2-1/2"]
[WhiteTitle "GM"]
[BlackTitle "GM"]
[WhiteElo "2736"]
[BlackElo "2735"]
[WhiteFideId "400041"]
[BlackFideId "8604436"]
[EventDate "2017.07.06"]
[EventType "swiss"]

1. e4 e5 2. Nf3 Nf6 3. Nxe5 d6 4. Nf3 Nxe4 5. d4 d5 6. Bd3 Be7 7. O-O Bf5 8. Re1
O-O 9. Nbd2 Nd6 10. Nf1 Nd7 11. Bf4 Bxd3 12. Qxd3 Re8 13. Re2 Bf8 14. Ne3 c6 15.
Rae1 Ne4 16. Ng4 Bd6 17. Bxd6 Nxd6 18. Rxe8+ Nxe8 19. Qa3 Nf8 20. h4 Nd6 21. h5
h6 22. Qe3 Qd7 23. Qf4 Re8 24. Rxe8 1/2-1/2

[Event "FIDE Grand Prix 2017"]
[Site "Ginevra"]
[Date "10.07.2017"]
[Round "5"]
[White "Jakovenko, Dmitry"]
[Black "Gelfand, Boris"]
[Result "1/2-1/2"]
[WhiteTitle "GM"]
[BlackTitle "GM"]
[WhiteElo "2703"]
[BlackElo "2728"]
[WhiteFideId "4122356"]
[BlackFideId "2805677"]
[EventDate "2017.07.06"]
[EventType "swiss"]

1. e4 c5 2. Nf3 Nc6 3. Nc3 g6 4. d4 cxd4 5. Nxd4 Bg7 6. Be3 Nf6 7. Bc4 O-O 8.
Bb3 d6 9. f3 Bd7 10. Qd2 Nxd4 11. Bxd4 b5 12. a4 bxa4 13. Nxa4 Bc6 14. Nc3 a5
15. O-O Qb8 16. Nd5 1/2-1/2

[Event "FIDE Grand Prix 2017"]
[Site "Ginevra"]
[Date "10.07.2017"]
[Round "5"]
[White "Giri, Anish"]
[Black "Riazantsev, Alexander"]
[Result "1/2-1/2"]
[WhiteTitle "GM"]
[BlackTitle "GM"]
[WhiteElo "2775"]
[BlackElo "2654"]
[WhiteFideId "24116068"]
[BlackFideId "4125029"]
[EventDate "2017.07.06"]
[EventType "swiss"]

1. e4 c6 2. d4 d5 3. exd5 cxd5 4. Bd3 Nc6 5. c3 Nf6 6. h3 e6 7. Nf3 Bd6 8. O-O
O-O 9. Re1 Qc7 10. Qe2 b6 11. Ne5 Bb7 12. Nd2 Rfe8 13. f4 g6 14. g4 a6 15. h4 b5
16. a3 Na5 17. h5 Nc4 18. hxg6 hxg6 19. g5 Nh5 20. Qg4 Ng7 21. Nxg6 fxg6 22.
Bxg6 Nf5 23. Nf3 Qg7 24. Bxe8 Rxe8 25. b3 Na5 26. b4 Nb3 27. Rb1 Nxc1 28. Rbxc1
Qg6 29. Re2 Bc8 30. Rce1 Rf8 31. Rh2 Bd7 32. Ne5 Bxe5 33. Rxe5 Ng7 34. Re1 Qf5
35. Qxf5 Rxf5 36. Rf1 Be8 37. Rh6 Rf8 38. Rf2 Bd7 39. g6 Rf6 40. Rfh2 Kf8 41.
Rg2 Kg8 42. Rgh2 Kf8 43. Rh8+ Ke7 44. Ra8 Rxg6+ 45. Kf2 1/2-1/2

[Event "FIDE Grand Prix 2017"]
[Site "Ginevra"]
[Date "10.07.2017"]
[Round "5"]
[White "Inarkiev, Ernesto"]
[Black "Salem, A.R. Saleh"]
[Result "1/2-1/2"]
[WhiteTitle "GM"]
[BlackTitle "GM"]
[WhiteElo "2707"]
[BlackElo "2638"]
[WhiteFideId "4162722"]
[BlackFideId "9301348"]
[EventDate "2017.07.06"]
[EventType "swiss"]

1. e4 c5 2. Nf3 d6 3. d4 cxd4 4. Nxd4 Nf6 5. Nc3 a6 6. f3 e5 7. Nb3 Be6 8. Be3
h5 9. Qd2 Nbd7 10. Nd5 Nxd5 11. exd5 Bf5 12. Be2 Rc8 13. c4 Qh4+ 14. g3 Qf6 15.
Na5 Rc7 16. O-O-O Be7 17. Rhf1 Qg6 18. b3 O-O 19. h4 Qxg3 20. Rg1 Qxh4 21. Rh1
Qf6 22. Rxh5 Bg6 23. Rh2 Qf5 24. Kb2 Nf6 25. Rdh1 Nh7 26. Bd1 Bf6 27. Bc2 e4+
28. Ka3 Qxf3 29. Bd1 Qg3 30. Rh3 Qe5 31. Bf4 Qf5 32. Qh2 Rd8 33. Bh5 b6 34. Bxg6
fxg6 35. Rxh7 Kf7 36. Bh6 Rg8 37. Qg2 bxa5 38. Rf1 Qe5 39. Bg5 Qf5 40. Bxf6 Kxf6
41. Rhh1 Re7 42. Rhg1 Ke5 43. Qg3+ 1/2-1/2

[Event "FIDE Grand Prix 2017"]
[Site "Ginevra"]
[Date "10.07.2017"]
[Round "5"]
[White "Hou, Yifan"]
[Black "Rapport, Richard"]
[Result "0-1"]
[WhiteTitle "GM"]
[BlackTitle "GM"]
[WhiteElo "2666"]
[BlackElo "2694"]
[WhiteFideId "8602980"]
[BlackFideId "738590"]
[EventDate "2017.07.06"]
[EventType "swiss"]

1. e4 Nc6 2. Nf3 e5 3. Bc4 Nf6 4. d3 h6 5. O-O d6 6. c3 g6 7. Re1 Bg7 8. h3 O-O
9. d4 Nd7 10. Na3 Nb6 11. Bb5 Bd7 12. Be3 Kh7 13. dxe5 dxe5 14. Nc4 Qe7 15. a4
Rad8 16. Qe2 Nxc4 17. Qxc4 Qf6 18. Bxc6 Qxc6 19. Qxc6 Bxc6 20. Bxa7 Rg8 21. a5
f5 22. exf5 gxf5 23. Red1 Ra8 24. Be3 f4 25. Bd2 Bf6 26. Ne1 Rg7 27. c4 Rag8 28.
Kf1 Bxg2+ 29. Nxg2 f3 30. Be3 e4 31. Ra3 Be5 32. Rb3 c6 33. Bd4 fxg2+ 34. Kg1
Rd8 35. Rbd3 Rgd7 36. Bxe5 Rxd3 37. Re1 Rg8 38. h4 Rh3 39. Bh2 Rxh4 40. Rd1 Rg7
41. b4 e3 42. fxe3 Rxc4 43. Be5 Rgg4 44. Bd6 h5 0-1

[Event "FIDE Grand Prix 2017"]
[Site "Ginevra"]
[Date "12.07.2017"]
[Round "6"]
[White "Grischuk, Alexander"]
[Black "Radjabov, Teimour"]
[Result "1/2-1/2"]
[WhiteTitle "GM"]
[BlackTitle "GM"]
[WhiteElo "2761"]
[BlackElo "2724"]
[WhiteFideId "4126025"]
[BlackFideId "13400924"]
[EventDate "2017.07.06"]
[EventType "swiss"]

1. e4 c5 2. Nf3 Nc6 3. Bb5 g6 4. Bxc6 bxc6 5. O-O Bg7 6. Re1 Nh6 7. c3 O-O 8. h3
f5 9. e5 Nf7 10. d3 d6 11. Bf4 Ba6 12. Nbd2 Qb8 13. exd6 exd6 14. Qc2 Qd8 15. h4
Qd7 16. Nc4 Rfe8 17. Rad1 Bxc4 18. dxc4 Rxe1+ 19. Rxe1 Re8 20. Rd1 Re4 21. g3
Qe6 22. Qa4 Qd7 23. Qc2 Qe6 24. Qa4 Qd7 25. Kg2 Bf8 26. Nd2 Re2 27. Qc2 Bh6 28.
Qd3 Qe7 29. Kf1 Re6 30. Bxh6 Nxh6 31. Nf3 Nf7 32. b4 Kg7 33. a4 Qf6 34. Kg2 f4
35. g4 h6 36. b5 cxb5 37. cxb5 Re7 38. c4 Qe6 39. Nh2 Qf6 40. Nf3 Qe6 41. Nh2
Qf6 1/2-1/2

[Event "FIDE Grand Prix 2017"]
[Site "Ginevra"]
[Date "12.07.2017"]
[Round "6"]
[White "Aronian, Levon"]
[Black "Harikrishna, Pentala"]
[Result "0-1"]
[WhiteTitle "GM"]
[BlackTitle "GM"]
[WhiteElo "2809"]
[BlackElo "2737"]
[WhiteFideId "13300474"]
[BlackFideId "5007003"]
[EventDate "2017.07.06"]
[EventType "swiss"]

1. c4 e5 2. Nc3 Nf6 3. Nf3 Nc6 4. g3 d5 5. cxd5 Nxd5 6. Bg2 Nb6 7. O-O Be7 8. d3
O-O 9. Be3 Be6 10. Rc1 f5 11. a3 Kh8 12. b4 a6 13. Re1 Qe8 14. Qd2 Bd6 15. Bxb6
cxb6 16. d4 exd4 17. Nxd4 Rd8 18. Nxe6 Qxe6 19. Qa2 Qh6 20. f4 a5 21. b5 Bc5+
22. e3 Ne5 23. Rcd1 Ng4 24. h3 Nxe3 25. Rxd8 Rxd8 26. Kh2 g5 27. fxg5 Qxg5 28.
Qe6 f4 29. Ne4 Qg7 30. g4 Nc2 31. Rf1 Nd4 32. Qf6 Qxf6 33. Nxf6 Bxa3 34. Bxb7
Bd6 35. h4 a4 36. g5 a3 37. Kh3 Be5 38. Kg4 Nc2 0-1

[Event "FIDE Grand Prix 2017"]
[Site "Ginevra"]
[Date "12.07.2017"]
[Round "6"]
[White "Jakovenko, Dmitry"]
[Black "Giri, Anish"]
[Result "1/2-1/2"]
[WhiteTitle "GM"]
[BlackTitle "GM"]
[WhiteElo "2703"]
[BlackElo "2775"]
[WhiteFideId "4122356"]
[BlackFideId "24116068"]
[EventDate "2017.07.06"]
[EventType "swiss"]

1. Nf3 d5 2. d4 Nf6 3. c4 c6 4. Nc3 e6 5. e3 Nbd7 6. Qc2 Bd6 7. Bd3 O-O 8. O-O
dxc4 9. Bxc4 Qe7 10. h3 e5 11. Bd2 e4 12. Ng5 Nb6 13. Bb3 Bf5 14. f3 Nbd5 15.
Ngxe4 Nxe4 16. Nxe4 Rae8 17. Qd1 Bxe4 18. fxe4 Qxe4 19. Bc2 Qh4 20. Qf3 Bb4 21.
Bxb4 Nxb4 22. Bb3 Nd5 23. Bxd5 cxd5 24. Rac1 Qe7 1/2-1/2

[Event "FIDE Grand Prix 2017"]
[Site "Ginevra"]
[Date "12.07.2017"]
[Round "6"]
[White "Nepomniachtchi, Ian"]
[Black "Inarkiev, Ernesto"]
[Result "1-0"]
[WhiteTitle "GM"]
[BlackTitle "GM"]
[WhiteElo "2742"]
[BlackElo "2707"]
[WhiteFideId "4168119"]
[BlackFideId "4162722"]
[EventDate "2017.07.06"]
[EventType "swiss"]

1. e4 e5 2. Nf3 Nc6 3. Bb5 a6 4. Ba4 Nf6 5. O-O Be7 6. d3 d6 7. c3 O-O 8. h3 Re8
9. Re1 Bf8 10. Nbd2 b5 11. Bc2 h6 12. a4 b4 13. a5 Rb8 14. Nc4 g6 15. Bd2 bxc3
16. bxc3 Bg7 17. d4 exd4 18. cxd4 Nb4 19. Bb1 d5 20. Nce5 Re6 21. exd5 Nfxd5 22.
Qc1 Qf8 23. Be4 Rb5 24. Rb1 c6 25. Qc4 Qd6 26. Rb3 Bf8 27. h4 c5 28. h5 g5 29.
Bf5 Ne7 30. dxc5 Rxc5 31. Bxb4 Nxf5 32. Bxc5 Qxc5 33. Qxc5 Bxc5 34. Rc3 1-0

[Event "FIDE Grand Prix 2017"]
[Site "Ginevra"]
[Date "12.07.2017"]
[Round "6"]
[White "Li, Chao b"]
[Black "Eljanov, Pavel"]
[Result "1-0"]
[WhiteTitle "GM"]
[BlackTitle "GM"]
[WhiteElo "2735"]
[BlackElo "2739"]
[WhiteFideId "8604436"]
[BlackFideId "14102951"]
[EventDate "2017.07.06"]
[EventType "swiss"]

1. d4 Nf6 2. c4 e6 3. Nf3 b6 4. a3 Bb7 5. Nc3 d5 6. Qc2 dxc4 7. e4 c5 8. Bf4 a6
9. Bxc4 b5 10. Bb3 cxd4 11. Rd1 Qb6 12. Nxd4 Bc5 13. Nf3 Nbd7 14. O-O Rc8 15.
Qe2 Qc6 16. Bd5 Qb6 17. Bxb7 Qxb7 18. e5 Ng4 19. Ne4 Be7 20. Nd6+ Bxd6 21. Rxd6
Nc5 22. Nd2 h5 23. b4 Na4 24. Ne4 O-O 25. h3 Rc4 26. Re1 f5 27. exf6 Nxf6 28.
Nxf6+ Rxf6 29. Rd8+ Rf8 30. Qxe6+ Qf7 31. Rxf8+ Kxf8 32. Qd6+ Kg8 33. g3 Nc3 34.
Re7 Qf5 35. Be5 1-0